Indian ports and infrastructure (Record no. 69379)

MARC details
000 -LEADER
fixed length control field 00430nas a22001577a 4500
005 - DATE AND TIME OF LATEST TRANSACTION
control field 2012082707037.0
006 - FIXED-LENGTH DATA ELEMENTS--ADDITIONAL MATERIAL CHARACTERISTICS--GENERAL INFORMATION
fixed length control field a|||||r|||||00| 0
007 - PHYSICAL DESCRIPTION FIXED FIELD--GENERAL INFORMATION
fixed length control field ta
008 - FIXED-LENGTH DATA ELEMENTS--GENERAL INFORMATION
fixed length control field 120827c xxu||||| |||| 00| 0 eng d
245 ## - TITLE STATEMENT
Title Indian ports and infrastructure
260 ## - PUBLICATION, DISTRIBUTION, ETC. (IMPRINT)
Place of publication, distribution, etc Ahmedabad
Name of publisher, distributor, etc Saket Projects Ltd
Date of publication, distribution, etc 2012
300 ## - PHYSICAL DESCRIPTION
Extent v.
Dimensions 26 cm
310 ## - CURRENT PUBLICATION FREQUENCY
Current publication frequency monthly
942 ## - ADDED ENTRY ELEMENTS (KOHA)
Source of classification or shelving scheme Dewey Decimal Classification
Item type Periodicals
Holdings
Withdrawn status Lost status Source of classification or shelving scheme Damaged status Not for loan Collection code Home library Current library Date acquired Total Checkouts Date last seen Price effective from Koha item type
    Dewey Decimal Classification     Non-fiction D.B.Act.Division D.B.Act.Division 27/08/2012   27/08/2012 27/08/2012 Periodicals

© Delhi Public Library
Hit Counter
free hit counter